000 00458 a2200085 4500
999 _c20423
_d20423
003 WA 310
005 20211215112309.0
008 211215s2005 pl a|||f u||| 000 0 pol d
040 _aWA 310
_cWA 310
041 _apol
_heng
245 0 0 _aDotyczy PN-EN 55013:2004 - Kompatybilność elektromagnetyczna (EMC) - Odbiorniki radiofoniczne i telewizyjne i ich urządzenia dodatkowe - Charakterystyki zaburzeń radioelektrycznych - Dopuszczalne poziomy i metody pomiarów =
_bSound and television broadcast receivers and associated equipment - Radio disturbance characteristics - Limits and methods of measurement PN-EN 55013:2004/A1:2005P /
_cKT nr 104.
246 1 3 _aPN-EN 55013:2004/A1
246 1 3 _aICS 33.100.10, 33.160.20, 33.160.25
246 1 3 _aZmiana do Polskiej Normy
246 3 1 _aSound and television broadcast receivers and associated equipment - Radio disturbance characteristics - Limits and methods of measurement
260 _aWarszawa :
_bPKN,
_c2005.
300 _a12 stron :
_bilustracje ;
_c30 cm.
336 _2rdacontent
_aTekst
_btxt
337 _2rdamedia
_aBez urządzenia pośredniczącego
_bn
338 _2rdacarrier
_aWolumin
_bnc
500 _aWprowadza EN 55013:2001/A1:2003, IDT ; Zatwierdzona 13 grudnia 2004 r.
500 _aZmiana do Normy Europejskiej EN 55013:2001/A1:2003 […] ma status Zmiany do Polskiej Normy.
590 _6Status: wycofana.
710 _91107
_aPolska.
_bPolski Komitet Normalizacyjny.
942 _2ddc
_cBK